• 首页
  • 本馆介绍
  • 公告通知
  • 最新文献
  • 馆藏检索
  • 电子资源
  • 读者导购
  • 参考咨询
  • 我的图书馆
  • 登录
  • 详细信息显示
  • 放入我的书架
  • 预约/预借图书
  • 作者相关作品
  • 分类相关作品
  • 丛书相关作品
  • 出版社相关作品

书目信息

  • 表格格式
  • 工作单格式
  • 卡片格式
题名:
美国民事诉讼法的制度、案例与材料
    
 
作者: 李响 著
分册:  
出版信息: 北京   中国政法大学出版社  2006
页数: 527页
开本: 21cm
丛书名: 美国经典案例选读
单 册:
中图分类: D971.251
科图分类:
主题词: 民事诉讼法 , 案例 , 民事诉讼法--案例--研究--美国
电子资源:
ISBN: 7-5620-2859-1
000 01120oam2 2200277 450
001 003267205
005 20070805092338.95
010    @a7-5620-2859-1@dCNY36.00
100    @a20060426d2006 em y0chiy0110 ea
101 0  @achi@eeng
102    @aCN@b110000
105    @ay z 000yy
200 1  @a美国民事诉讼法的制度、案例与材料@9mei guo min shi su song fa de zhi du、 an li yu cai liao@dThe law of civil procedure@eexplanations, cases and materials@f李响著@zeng
210    @a北京@c中国政法大学出版社@d2006
215    @a527页@d21cm
225 2  @a美国经典案例选读
330    @a本书从解决纠纷的法律体系中民事诉讼法的地位入手,在论述美国民事诉讼法具备什么特色的基础上,沿着诉讼的流程,从诉讼的管辖,诉的提起,诉讼的审理,直至判决的确定,对程序的展开做了周到具体地分析,同时附之以判例。
461  0 @12001 @a美国经典案例选读
510 1  @aLaw of civil procedure@eexplanations, cases and materials@zeng
606 0  @a民事诉讼法
606 0  @a案例
606 0  @a民事诉讼法@x案例@x研究@y美国
690    @aD971.251@v4
701  0 @a李响@9li xiang@c(法学)@4著
801  0 @aCN@bNLC@c20070805
905    @a10447@dD971.251@e60
    
    美国民事诉讼法的制度、案例与材料=The law of civil procedure:explanations, cases and materials/李响著.-北京:中国政法大学出版社,2006
    527页;21cm.-(美国经典案例选读)
    
    
    ISBN 7-5620-2859-1:CNY36.00
    本书从解决纠纷的法律体系中民事诉讼法的地位入手,在论述美国民事诉讼法具备什么特色的基础上,沿着诉讼的流程,从诉讼的管辖,诉的提起,诉讼的审理,直至判决的确定,对程序的展开做了周到具体地分析,同时附之以判例。
●
相关链接 在E读中查询图书 在五车中查询图书 在当当中查询图书 在豆瓣中查询图书


正题名:美国民事诉讼法的制度、案例与材料     索取号:D971.251/60         预约/预借

序号 登录号 条形码 馆藏地/架位号 状态 备注
1 0808075   208080752   第一样本阅览室/ [索取号:D971.251/60] 在馆    
2 0808076   208080761   第一借阅区/ [索取号:D971.251/60] 在馆    
3 0808077   208080770   密集书库/ [索取号:D971.251/60] 在馆    
4 0808078   208080789   密集书库/ [索取号:D971.251/60] 在馆    
5 0808079   208080798   第一借阅区/ [索取号:D971.251/60] 在馆    
6 0808080   208080805   第一借阅区/ [索取号:D971.251/60] 在馆    
7 0808081   208080814   第一借阅区/ [索取号:D971.251/60] 在馆    
8 0808082   208080823   密集书库/ [索取号:D971.251/60] 在馆    
9 0808083   208080832   密集书库/ [索取号:D971.251/60] 在馆    
10 0808084   208080841   第一借阅区/ [索取号:D971.251/60] 在馆    
唐山师范学院图书馆 欢迎您!
大连网信软件有限公司© 版权所有